000 00587nam a22001817a 4500
005 20160609165711.0
008 100812t xxu||||| |||| 00| 0 eng d
040 _bBIDOC
_cfr
_dbidoc
110 _aInstitut Français pour la Nutrition
_98210
245 _aLes profils nutritionnels des aliments : actualités, enjeux et perspectives : actes du symposium du 12 juin 2006
260 _aParis
_bIFN
_c2006
300 _a90 p.
_bill;
_c30 cm.
650 _aAliment
_98211
650 _aProduit alimentaire
_98212
650 _aQualité
_98213
650 _aNutrition
_98214
942 _cLIVR
999 _c47510
_d47510